Представление документа в формате MARC21

Поле Инд. ПП Название Значение
Тип записи a
Библиографический уровень b
001 Контрольный номер RU/IS/BASE/289324304
005 Дата корректировки 20200526192502.5
008 Кодируемые данные 20090302
040 b Код языка каталог. rus
e Правила каталог. PSBO
041 0_ a Код языка текста rus
084 a Индекс другой классификации/Индекс ББК 81.433.4-00; 81.21(4Нор)
100 1_ a Автор Юченкова А. К.
245 10 a Заглавие Плюрализм нормы в условиях норвежской языковой ситуации
504 a Библиография Библиогр. - Примеч.: с. 69 - 70
650 04 a Основная рубрика филологические науки
a Основная рубрика частное языкознание
a Основная рубрика языкознание
a Основная рубрика языковая политика
653 0_ a Ключевые слова букмол
a Ключевые слова литературная норма
a Ключевые слова норвежский язык
a Ключевые слова нюнорск
a Ключевые слова письменная норма
a Ключевые слова языковая норма
773 08 t Заглавие источника Вестник Московского университета. Серия 9, Филология
d Дата издания источника 2008
g Прочая информация № 1. - С. 63 - 70
w Контрольный № источника RU/IS/BASE/286474501
901 t Тип документа b